_____ & _____ TV Titles: Wordcloud Quiz Stats

 Plays Quiz Updated Aug 8, 2014

Also try: Famous Pairs
Challenge
Share
Tweet
Photobucket
Score 0/50 Timer 10:00
0 Plays Today
% Correct
Sex & The City
92.1%
Two & A Half Men
91.2%
Beavis & Butt-Head
90.7%
The Young & The Restless
86.4%
Starsky & Hutch
85.7%
Law & Order
80.6%
Pinky & The Brain
80.2%
Ren & Stimpy
79.1%
Mork & Mindy
78.6%
Dharma & Greg
78.3%
Parks & Recreation
78.1%
Will & Grace
78%
Freaks & Geeks
77.4%
The Bold & The Beautiful
75.1%
Laverne & Shirley
74.4%
16 & Pregnant
73.6%
Jon & Kate plus 8
73.3%
Beauty & the Beast
72.5%
Phineas & Ferb
72.3%
Sanford & Son
69.8%
Toddlers & Tiaras
68.9%
Kenan & Kel
65%
Lois & Clark
61.4%
Siskel & ****
60.7%
Cagney & Lacey
59.5%
% Correct
Brothers & Sisters
55.5%
My Wife & Kids
55.4%
Hope & Faith
48.6%
Drake & Josh
44.7%
Eastbound & Down
43.6%
Jake & The Fatman
42.7%
Mike & Molly
42.1%
Chico & The Man
40.9%
Cow & Chicken
36.9%
Simon & Simon
32.5%
Scarecrow & Mrs. King
32.5%
Kate & Allie
32.3%
Slings & Arrows
32.2%
The Ghost & Mrs Muir
32.1%
B.J. & the Bear
30.3%
Once & Again
30.1%
McMillan & Wife
29.8%
My World & Welcome to It
25%
Hardcastle & McCormick
24.6%
Home & Away
22%
Jeeves & Wooster
18.3%
Nanny & The Professor
15.9%
Ned & Stacey
15.3%
French & Saunders
14.2%
Tenspeed & Brown Shoe
13.1%

You're not logged in!

Compare scores with friends on all Sporcle quizzes.
Join for Free
OR
Log In

You Might Also Like...

Show Comments

Extras

Top Quizzes Today


Score Distribution

Your Account Isn't Verified!

In order to create a playlist on Sporcle, you need to verify the email address you used during registration. Go to your Sporcle Settings to finish the process.

Report this User

Report this user for behavior that violates our Community Guidelines.

Details: